Normal view
MARC view
- Razzaq, Maria
Entry Personal Name
001 - CONTROL NUMBER
- control field: 119870
003 - CONTROL NUMBER IDENTIFIER
- control field: NUST
005 - DATE AND TIME OF LATEST TRANSACTION
- control field: 20240111145417.0
008 - FIXED-LENGTH DATA ELEMENTS
- fixed length control field: 240111|| aca||aabn | a|a d
040 ## - CATALOGING SOURCE
- Original cataloging agency: NUST
- Transcribing agency: NUST
100 ## - HEADING--PERSONAL NAME
- Personal name: Razzaq, Maria
670 ## - SOURCE DATA FOUND
- Source citation: Work cat.: (NUST): Razzaq, Maria, Design and Fabrication of Self-Perpetuating Micropump /
